| 000 | 00490nam a2200205Ia 4500 | ||
|---|---|---|---|
| 008 | 151119s9999||||xx |||||||||||||| ||und|| | ||
| 082 | _a820 Swa/Asi | ||
| 082 | _bGKKV33409 | ||
| 100 | _aSWAMI CHINMAYANANDA | ||
| 245 | _aAS I THINK | ||
| 260 | _aMumbai | ||
| 260 | _bCentral Chinmaya Mission Trust | ||
| 260 | _c1993 | ||
| 300 | _a160pp. | ||
| 600 | _aSWAMI CHINMAYANANDA | ||
| 630 | _aAS I THINK | ||
| 700 | _aSWAMI CHINMAYANANDA | ||
| 730 | _aAS I THINK | ||
| 942 | _cBOOK | ||
| 999 |
_c1085705 _d1085702 |
||